Statistics for Top 15 most subscribed YouTube channels in 2024 (Predicted)

Click here to take the quiz!

General Stats

  • This quiz has been taken 142 times
  • The average score is 5 of 15

Answer Stats

HintAnswer% Correct
823 MillionPewDiePie
94%
1.107 BillionT-Series
87%
775 MillionCocomelon
66%
493 MillionSET India
49%
417 MillionKids Diana Show
28%
868 MillionVlad and Nikita
28%
374 MillionZee Music Company
23%
388 MillionMarshmello
22%
579 MillionBadabun
20%
330 MillionBLACKPINK
20%
429 MillionLike Nastya Vlog
19%
301 MillionAriana Grande
11%
312 MillionSony Music India
9%
292 MillionVoce Sabia?
8%
327 MillionBoram Tube ToysReview
6%

Score Distribution

Percentile by Number Answered

Percent of People with Each Score

Your Score History

You have not taken this quiz